000 01430cam a2200253 i 4500
999 _c57913
_d57913
001 18174969
005 20210331145455.0
008 140603s2014 nyua b 001 0 eng
020 _a9780891284987 (pbk. : alk. paper)
041 _aeng
080 _a376.32 E-18
245 0 0 _aECC essentials :
_bteaching the expanded core curriculum to students with visual impairments /
_cCarol B. Allman and Sandra Lewis, Editors ; Susan J. Spungin, Consulting Editor.
264 0 _aNew York, NY :
_bAFB Press,
_c2014.
300 _a638 pages :
_billustrations ;
_c28 cm.
650 0 _aChildren with visual disabilities
_xEducation
_xCurricula
_zUnited States.
_910921
650 0 _aTeachers of the blind
_zUnited States
_vHandbooks, manuals, etc.
_910922
653 _aგაფართოებული ძირითადი სასწავლო გეგმის სწავლება ვიზუალური გაუფასურების მქონე სტუდენტებისთვის
653 _aუსინათლოთა მასწავლებლები
653 _aპედაგოგიკა
700 1 _aAllman, Carol B.
_eრედაქტორი
_910923
700 1 _aSpungin, Susan J.
_eრედაქტორი
_910924
942 _2udc
_cBK
955 _brf11 2014-06-03
_irf11 2014-06-03 to SL
_axn05 2014-09-05 1 copy rec'd., to CIP ver.
_arl00 2014-09-11 to SMA;